Statistics for Largest Cities Containing 'W', 'X', or 'Z'

Click here to take the quiz!

General Stats

  • This quiz has been taken 189 times
    (152 since last reset)
  • The average score is 11 of 19

Answer Stats

PopulationCountryCity% Correct
22,000,000United StatesNew York City
96%
22,100,000MexicoMexico City
94%
16,900,000RussiaMoscow
92%
47,700,000ChinaGuangzhou
85%
4,150,000KuwaitKuwait City
85%
5,150,000EgyptAlexandria
82%
8,350,000United StatesWashington, DC
79%
6,650,000ChinaXi'an
75%
8,000,000ChinaWuhan
73%
10,000,000ChinaXiamen
69%
4,125,000South AfricaCape Town
64%
4,325,000United StatesPhoenix
56%
8,300,000ChinaHangzhou
40%
3,850,000PakistanRawalpindi
35%
4,675,000ChinaZhengzhou
35%
3,925,000ChinaFuzhou
32%
5,900,000ChinaWenzhou
32%
3,850,000ChinaShijiazhuang
11%
4,925,000BrazilBelo Horizonte
7%

Score Distribution

Percentile by Number Answered

Percent of People with Each Score

Your Score History

You have not taken this quiz since the last reset